|
|
|
|
| LEADER |
00000cam a2200000 a 4500 |
| 001 |
vtls001381980 |
| 003 |
SK-MaSNL |
| 005 |
20260301161409.0 |
| 008 |
240801s1999 xo a gr 0000p slo |
| 015 |
|
|
|a SNBA2000/04-01301
|
| 035 |
|
|
|a SNK000336016
|
| 040 |
|
|
|a SNK
|b slo
|c SNK
|e AACR2
|
| 041 |
0 |
|
|a slo
|
| 044 |
|
|
|a xo
|c SK
|
| 072 |
|
7 |
|a 821.162.4-1
|x Slovenská poézia
|2 konspekt
|
| 080 |
|
|
|a 821.162.4-1
|2 2011
|
| 100 |
1 |
|
|a Čiliak, Ondrej,
|d 1951-2012
|4 aut
|9 97841
|
| 245 |
1 |
0 |
|a Ostré ticho
|c Ondrej Čiliak ; [ilustrácie Igor Piačka]
|
| 260 |
|
|
|a [Martin]
|b Márius Maták
|c 1999
|
| 300 |
|
|
|a 12 s.
|b ilustrácie
|c 31 cm
|e 4 grafické originály
|
| 366 |
|
|
|e 120 výt.
|
| 490 |
1 |
|
|a Kvadratúra
|
| 500 |
|
|
|a Bibliofilské vydanie
|
| 600 |
1 |
7 |
|a Čiliak, Ondrej,
|d 1951-2012
|2 SNKMA
|9 97841
|
| 655 |
|
7 |
|a slovenská poézia
|2 SNKPH
|9 70444
|
| 700 |
1 |
|
|a Piačka, Igor,
|d 1962-
|4 ill
|9 117207
|
| 830 |
|
0 |
|a Kvadratúra
|9 524353
|
| 852 |
|
|
|a Slovenská národná knižnica
|
| 954 |
|
|
|a beletria pôvodná (slovenská)
|2 lita
|
| 958 |
|
|
|a OND
|
| 958 |
|
|
|a LX
|
| 958 |
|
|
|a BQ
|
| 999 |
|
|
|c 809298
|d 811228
|
| 952 |
|
|
|t P60, <03>, [BOOK], {603}
|a SNK
|b SNK
|y PREZ
|7 0
|p 17A0226669
|o snkSB 61383
|i snkKSP 1406/2000
|0 0
|1 0
|4 0
|d 2000-02-02
|l 0
|r 2025-04-15 00:00:00
|w 2026-02-24
|